लोहा बहुत उदास है / (Record no. 113141)
[ view plain ]
| 000 -LEADER | |
|---|---|
| fixed length control field | 01082nam a22002777a 4500 |
| 003 - CONTROL NUMBER IDENTIFIER | |
| control field | dpl |
| 005 - DATE AND TIME OF LATEST TRANSACTION | |
| control field | 20190209111711.0 |
| 008 - FIXED-LENGTH DATA ELEMENTS--GENERAL INFORMATION | |
| fixed length control field | 190209b ||||| |||| 00| 0 eng d |
| 010 ## - LIBRARY OF CONGRESS CONTROL NUMBER | |
| LC control number | B-051162 |
| 020 ## - INTERNATIONAL STANDARD BOOK NUMBER | |
| Terms of availability | 100.00 |
| International Standard Book Number | 818648065 |
| 035 ## - SYSTEM CONTROL NUMBER | |
| System control number | B-051162, B-051163 |
| 037 ## - SOURCE OF ACQUISITION | |
| Source of stock number/acquisition | Cen Lib/Ret |
| 040 ## - CATALOGING SOURCE | |
| Original cataloging agency | DPL |
| Language of cataloging | HN |
| Transcribing agency | 0 |
| 082 ## - DEWEY DECIMAL CLASSIFICATION NUMBER | |
| Classification number | 821 |
| Item number | बैनर्जी |
| 100 ## - MAIN ENTRY--PERSONAL NAME | |
| Personal name | बैनर्जी, उत्पल |
| 9 (RLIN) | 50822 |
| 245 ## - TITLE STATEMENT | |
| Title | लोहा बहुत उदास है / |
| Statement of responsibility, etc | उत्पल बैनर्जी |
| 246 ## - VARYING FORM OF TITLE | |
| Title proper/short title | Loha bahut udas hai / |
| Remainder of title | by Utpal Banerjee |
| 260 ## - PUBLICATION, DISTRIBUTION, ETC. (IMPRINT) | |
| Place of publication, distribution, etc | नई दिल्ली |
| Name of publisher, distributor, etc | सार्थक प्रकाशन |
| Date of publication, distribution, etc | 2000 |
| 270 ## - ADDRESS | |
| Address | 100 ए. गौतम नगर |
| City | नई दिल्ली |
| Postal code | 110049 |
| 300 ## - PHYSICAL DESCRIPTION | |
| Extent | 98पृ. |
| Dimensions | 21सेमी (सजिल्द) |
| 650 ## - SUBJECT ADDED ENTRY--TOPICAL TERM | |
| Topical term or geographic name as entry element | हिंदी साहित्य |
| 9 (RLIN) | 50823 |
| 650 ## - SUBJECT ADDED ENTRY--TOPICAL TERM | |
| Topical term or geographic name as entry element | हिंदी--काव्य |
| 9 (RLIN) | 50824 |
| 650 ## - SUBJECT ADDED ENTRY--TOPICAL TERM | |
| Topical term or geographic name as entry element | Hindi literature |
| 9 (RLIN) | 50825 |
| 650 ## - SUBJECT ADDED ENTRY--TOPICAL TERM | |
| Topical term or geographic name as entry element | Hindi--Poetry |
| 9 (RLIN) | 50826 |
| 942 ## - ADDED ENTRY ELEMENTS (KOHA) | |
| Source of classification or shelving scheme | Dewey Decimal Classification |
| Koha item type | Hindi Books |
| Classification part | 821 |
| Call number suffix | बैनर्जी |
| Withdrawn status | Lost status | Damaged status | Not for loan | Home library | Current library | Date acquired | Source of acquisition | Cost, normal purchase price | Total Checkouts | Full call number | Barcode | Date last seen | Copy number | Cost, replacement price | Price effective from | Koha item type | Source of classification or shelving scheme | Collection code |
|---|---|---|---|---|---|---|---|---|---|---|---|---|---|---|---|---|---|---|
| Central Library | Central Library | 11/08/2015 | Cen Lib/Ret | 100.00 | 821 बैनर्जी | B-051162 | 11/08/2015 | 1 | 100.00 | 11/08/2015 | Hindi Books | |||||||
| Shahdara Branch | Shahdara Branch | 09/02/2019 | BPPD/PUB | 100.00 | 821 बैनर्जी | B-051163 | 09/02/2019 | 100.00 | 09/02/2019 | Hindi Books | Dewey Decimal Classification | Non-fiction |
